Proces prípravy a hodnotenia budúcej zahraničnej investície

Na minha lista:
Detalhes bibliográficos
Autor principal: Vidová, Jarmila, 1967-
Formato: Capítulo de Livro
Idioma:eslovaco
Tags: Adicionar Tag
Sem tags, seja o primeiro a adicionar uma tag!

MARC

LEADER 00000naa$a2200000$$$4500
001 0143746
005 20240502072558.1
041 0 |a slo 
044 |a SK 
245 1 0 |a Proces prípravy a hodnotenia budúcej zahraničnej investície  |c Jarmila Vidová 
100 1 |a Vidová, Jarmila, 1967-